| 000 | 00529cab a2200217 4500 | ||
|---|---|---|---|
| 001 | X894 | ||
| 008 | 090401t1993 xxu||||| |||| 00| 0 eng d | ||
| 035 | _a(Sirsi) u97908 | ||
| 041 | _aeng | ||
| 100 | _aSmith, L. | ||
| 245 | _aWastewater management project provides timely revenue | ||
| 260 | _c1993 | ||
| 350 | _a0 | ||
| 490 |
_aGIS World _v6(8) August 1993, 38-41(4) |
||
| 650 | _aCOMPUTERS | ||
| 650 | _aGIS | ||
| 650 | _aWATER | ||
| 690 | _aENVIRONMENTAL AND LAND CONSULTANCY | ||
| 942 | _n0 | ||
| 948 | _c04/03/1997 | ||
| 999 |
_c59738 _d59738 |
||